5HLuxD.jpg

KING HENRY VIII SENIOR AND PRIMARY SCHOOL LIBRARY OPAC

Middle school mayhem / (Record no. 1668)

000 -LEADER
fixed length control field 01322cam a2200289 a 4500
001 - CONTROL NUMBER
control field 404003
003 - CONTROL NUMBER IDENTIFIER
control field OSt
005 - DATE AND TIME OF LATEST TRANSACTION
control field 20230118100114.0
008 - FIXED-LENGTH DATA ELEMENTS--GENERAL INFORMATION
fixed length control field 220606s2017 nyua c 000 0 eng d
010 ## - LIBRARY OF CONGRESS CONTROL NUMBER
LC control number 2017937154
020 ## - INTERNATIONAL STANDARD BOOK NUMBER
International Standard Book Number 9781481460033
Qualifying information (hbk.) :
040 ## - CATALOGING SOURCE
Original cataloging agency NF
Transcribing agency TTCT
Modifying agency TTCT
042 ## - AUTHENTICATION CODE
Authentication code nbic
082 0# - DEWEY DECIMAL CLASSIFICATION NUMBER
Classification number 813.6 RUS
100 1# - MAIN ENTRY--PERSONAL NAME
Personal name Russell, Rachel Renée.
Relator term author
245 10 - TITLE STATEMENT
Title Middle school mayhem /
Statement of responsibility, etc. Rachel Renée Russell with Nikki Russell.
250 ## - EDITION STATEMENT
Edition statement 1st Aladdin hardcover ed.
260 ## - PUBLICATION, DISTRIBUTION, ETC.
Place of publication, distribution, etc. New York, NY :
Name of publisher, distributor, etc. Aladdin,
Date of publication, distribution, etc. 2017.
300 ## - PHYSICAL DESCRIPTION
Extent 228 p. :
Other physical details ill. ;
Dimensions 21 cm.
490 1# - SERIES STATEMENT
Series statement The misadventures of Max Crumbly ;
Volume/sequential designation 2.
520 ## - SUMMARY, ETC.
Summary, etc. "When we last left our hero, Max Crumbly, he had crash- landed on top of a Mighty Meat Monster pizza after taking a late night tumble through the vents at South Ridge Middle School--and he was completely surrounded by three ruthlesscriminals! Will Max be shredded to bits like mozzarella cheese on the hard and crunchy pizza crust of doom? Can his friend and sidekick, computer whiz Erin, help get him out of this sticky situation alive?"--Page 4 of cover.
650 #0 - SUBJECT ADDED ENTRY--TOPICAL TERM
Topical term or geographic name entry element Heroes
Form subdivision Juvenile fiction.
650 #0 - SUBJECT ADDED ENTRY--TOPICAL TERM
Topical term or geographic name entry element Middle schools
Form subdivision Juvenile fiction.
650 #0 - SUBJECT ADDED ENTRY--TOPICAL TERM
Topical term or geographic name entry element Criminals
Form subdivision Juvenile fiction.
830 #0 - SERIES ADDED ENTRY--UNIFORM TITLE
Uniform title The misadventures of Max Crumbly ;
Volume/sequential designation 2.
942 ## - ADDED ENTRY ELEMENTS (KOHA)
Source of classification or shelving scheme
Koha item type Books - Non Ficton
Holdings
Withdrawn status Lost status Source of classification or shelving scheme Damaged status Not for loan Collection code Permanent Location Current Location Shelving location Date acquired Total Checkouts Total Renewals Full call number Barcode Date due Date last seen Date last checked out Price effective from Koha item type
          Non-Fiction KH8 Primary School Library KH8 Primary School Library Non Fiction 2023-01-18 23 1 813.6 RUS KHPL000003429 2026-04-21 2026-04-13 2026-04-13 2023-01-18 Books - Non Ficton

Powered By KH8 IT Dept